000 00588nam a2200181Ia 4500
008 210719s2016 xx 000 0 und d
020 _a978-1-25-905873-8
041 _aeng
082 _a658.002 ETHA
100 _aETHNUS CONSULTANCY SERVICES PVT. LTD.
245 _aAptimithra: your friend for cracking aptitude tests
260 _aNew Delhi
_bMcGraw Hill Education (India) Private Limited
_c2016
300 _aix,484
_bPB
365 _b575
_cRs
650 _aManagement
650 _aManagement Entrance
906 _aAptimithra: ; aptitude ; cracking ; for ; friend ; tests ; your
999 _c211977
_d211977